000 00257nam a22001097a 4500
082 _a301 KHU'C
100 _aKHURSHID AHMED RAJA
_974568
245 _aCRIPTION AND BRIBERY KRIPTO KARACI
260 _aISLAMABAD
_bZAVIYA
_c1982
300 _a728P
942 _cBK
999 _c580085
_d580085